[Event "Golden Horseshoe op"]
[Site "Mississauga CAN"]
[Date "2018.06.03"]
[Round "4.9"]
[White "Profit, Brian"]
[Black "Zhao, Jeffrey R"]
[Result "1-0"]
[WhiteElo "2054"]
[BlackElo "1965"]
[PlyCount "67"]
[EventDate "2018.06.02"]
[EventType "swiss"]
[EventRounds "5"]
[EventCountry "CAN"]

1. d4 d5 2. c4 c6 3. Nf3 Nf6 4. Qb3 dxc4 5. Qxc4 Bf5 6. g3 e6 7. Bg2 Nbd7 8. e3
Be7 9. O-O O-O 10. Rd1 Qc7 11. b3 Rfd8 12. Bb2 Rac8 13. Nbd2 c5 14. Qe2 Bg6 15.
Nc4 cxd4 16. Bxd4 b5 17. Nce5 a6 18. Nxg6 hxg6 19. Bb2 Qb8 20. Nd4 Qb6 21. Rac1
Nd5 22. e4 N5f6 23. e5 Nd5 24. Bxd5 exd5 25. e6 fxe6 26. Nxe6 Rxc1 27. Rxc1 Re8
28. Nc7 Rf8 29. Nxd5 Qa7 30. Nxe7+ Kh7 31. Nd5 Qb7 32. Qe4 Qa7 33. Bd4 Qb8 34.
Qe7 1-0

[Event "Golden Horseshoe op"]
[Site "Mississauga CAN"]
[Date "2018.06.03"]
[Round "4.10"]
[White "Casareno, Erwin"]
[Black "Kang, Dorian"]
[Result "1-0"]
[WhiteElo "2120"]
[BlackElo "2102"]
[PlyCount "155"]
[EventDate "2018.06.02"]
[EventType "swiss"]
[EventRounds "5"]
[EventCountry "CAN"]

1. e4 c5 2. Nf3 Nc6 3. Bb5 g6 4. O-O Bg7 5. Bxc6 bxc6 6. c3 Nf6 7. e5 Nd5 8. d4
cxd4 9. cxd4 O-O 10. Nc3 d6 11. Nxd5 cxd5 12. Re1 Rb8 13. h3 Bf5 14. b3 dxe5
15. Nxe5 Rc8 16. Ba3 Re8 17. Bc5 f6 18. Nf3 Qd7 19. b4 e5 20. Rc1 e4 21. Nh2
Bh6 22. Rc3 Be6 23. Ra3 Rc7 24. Qa4 Bf8 25. Qxd7 Bxd7 26. Ra6 f5 27. Nf1 Bb5
28. Ra5 Bxc5 29. bxc5 Bxf1 30. Kxf1 Rb8 31. g3 Kf7 32. Ra6 Rb4 33. Rd1 Rb2 34.
Ke1 Rd7 35. h4 e3 36. fxe3 Rg2 37. Rd3 Rxg3 38. Rb3 Re7 39. Kf2 Rh3 40. c6 Rxh4
41. Rb7 Rh2+ 42. Kg3 Re2 43. Rxe7+ Kxe7 44. Rxa7+ Kd6 45. Kf3 Rc2 46. Rxh7 Kxc6
47. Rg7 Rxa2 48. Rxg6+ Kb5 49. Rf6 Kc4 50. Rxf5 Rh2 51. Re5 Rh3+ 52. Kg4 Rh1
53. Kf5 Rh5+ 54. Ke6 Rh6+ 55. Kd7 Ra6 56. Re6 Ra7+ 57. Kd6 Rh7 58. Rf6 Rh3 59.
Re6 Rh7 60. Kc6 Ra7 61. Kb6 Rh7 62. Rc6+ Kd3 63. Re6 Kc4 64. Rc6+ Kd3 65. Rd6
Kxe3 66. Rxd5 Ke4 67. Rd6 Rh1 68. d5 Rd1 69. Kc6 Rc1+ 70. Kd7 Ke5 71. Rc6 Rh1
72. d6 Kd5 73. Ra6 Rh7+ 74. Kc8 Rh8+ 75. Kc7 Rh1 76. d7 Rc1+ 77. Kb7 Rb1+ 78.
Rb6 1-0

[Event "Golden Horseshoe op"]
[Site "Mississauga CAN"]
[Date "2018.06.03"]
[Round "4.11"]
[White "Chen, Max"]
[Black "Chakkoli, Shiva"]
[Result "1-0"]
[WhiteElo "2026"]
[BlackElo "1945"]
[PlyCount "91"]
[EventDate "2018.06.02"]
[EventType "swiss"]
[EventRounds "5"]
[EventCountry "CAN"]

1. e4 e5 2. Nf3 Nc6 3. Bc4 Be7 4. O-O Nf6 5. d3 O-O 6. Re1 d6 7. c3 Na5 8. Bb5
Bd7 9. Bxd7 Qxd7 10. Nbd2 c5 11. Nf1 Rfe8 12. Ng3 g6 13. d4 cxd4 14. cxd4 exd4
15. Nxd4 h5 16. Bd2 Nc4 17. Bc3 h4 18. Nf1 h3 19. g3 d5 20. e5 Ne4 21. e6 fxe6
22. Qg4 Ne5 23. Qxh3 Bc5 24. Kg2 Qf7 25. f4 Nxc3 26. bxc3 Bxd4 27. cxd4 Nc4 28.
Ne3 Kg7 29. Rac1 b5 30. Qg4 Qf6 31. Nxc4 bxc4 32. Re5 Rac8 33. Rc3 Kf7 34. Qd1
Qe7 35. Qa4 Qb7 36. Re2 Re7 37. g4 Qb1 38. Rh3 Kg7 39. Qa3 Rcc7 40. Qd6 Qd1 41.
Qe5+ Kf7 42. Rh7+ Ke8 43. Qh8+ Kd7 44. Rxe7+ Kxe7 45. Qg7+ Kd8 46. Qg8+ 1-0

[Event "Golden Horseshoe op"]
[Site "Mississauga CAN"]
[Date "2018.06.03"]
[Round "4.12"]
[White "Nemati, Omid"]
[Black "Brajkovic, Nikola"]
[Result "0-1"]
[WhiteElo "1972"]
[BlackElo "1998"]
[PlyCount "77"]
[EventDate "2018.06.02"]
[EventType "swiss"]
[EventRounds "5"]
[EventCountry "CAN"]

1. e4 e6 2. Nf3 d5 3. Nc3 Nf6 4. e5 Nfd7 5. d4 Be7 6. Bf4 a6 7. Bd3 c5 8. dxc5
Nxc5 9. O-O Nc6 10. Bg3 O-O 11. Re1 Bd7 12. Ne2 Rc8 13. c3 Nxd3 14. Qxd3 Na5
15. Ned4 Nc4 16. Rab1 b5 17. Nd2 Qb6 18. f4 f5 19. exf6 Bxf6 20. Bf2 Qd6 21.
Nxc4 Rxc4 22. Bg3 Qc5 23. Bf2 Qc8 24. Ne2 Be8 25. Qg3 Bg6 26. Rbd1 Re4 27. Bd4
Bh5 28. Rd2 Bxe2 29. Rdxe2 Bxd4+ 30. cxd4 Rexf4 31. Rd1 R4f6 32. Qh3 Re8 33.
Qd3 Qd7 34. Rc2 Rc8 35. Rdc1 Rxc2 36. Qxc2 Rf8 37. Qc6 Qf7 38. Qc2 Qf4 39. Rd1
0-1

[Event "Golden Horseshoe op"]
[Site "Mississauga CAN"]
[Date "2018.06.03"]
[Round "5.1"]
[White "Feng, Richard"]
[Black "Sambuev, Bator"]
[Result "0-1"]
[WhiteElo "1993"]
[BlackElo "2589"]
[PlyCount "96"]
[EventDate "2018.06.02"]
[EventType "swiss"]
[EventRounds "5"]
[EventCountry "CAN"]

1. e4 c5 2. Nc3 Nc6 3. f4 e6 4. Bb5 Nge7 5. Nf3 a6 6. Be2 d5 7. d3 g6 8. O-O
Bg7 9. Bd2 O-O 10. Kh1 b5 11. Rb1 Bb7 12. Qe1 Nd4 13. Bd1 dxe4 14. Nxe4 Rc8 15.
c3 Ndf5 16. Ne5 Nd5 17. Rf3 Nd6 18. Ng5 h6 19. Nxg6 hxg5 20. Nxf8 Qxf8 21. fxg5
Ne7 22. Rh3 Ng6 23. Bh5 Qe7 24. Qg3 c4 25. Bxg6 fxg6 26. Qh4 Kf7 27. Bf4 Nf5
28. Qh7 Rh8 29. Qxh8 Bxh8 30. Rxh8 Qc5 31. d4 Qd5 32. Rg1 e5 33. Bxe5 Ne3 34.
Rh7+ Ke6 35. Rg7 Kf5 36. h4 Nxg2 37. Kh2 Ne3 38. Rc7 Ng4+ 39. Kh3 Qf3+ 40. Bg3
Bd5 41. Re7 Be6 42. Re8 Ne3 43. Kh2 Qe2+ 44. Kh3 Qg4+ 45. Kh2 Ke4 46. Rxe6+
Qxe6 47. Re1 Kf3 48. Be5 Qg4 0-1

[Event "Golden Horseshoe op"]
[Site "Mississauga CAN"]
[Date "2018.06.03"]
[Round "5.5"]
[White "Noor Ali, Aahil"]
[Black "Rusonik, Max"]
[Result "1-0"]
[WhiteElo "2047"]
[BlackElo "1976"]
[PlyCount "65"]
[EventDate "2018.06.02"]
[EventType "swiss"]
[EventRounds "5"]
[EventCountry "CAN"]

1. d4 f5 2. c4 Nf6 3. Nc3 g6 4. g3 Bg7 5. Bg2 O-O 6. Nf3 d6 7. Qb3 Na6 8. O-O
Qe8 9. Re1 c5 10. d5 Rb8 11. Nb5 Bd7 12. a4 Nb4 13. Nxa7 Ra8 14. Nb5 Bxb5 15.
cxb5 Nbxd5 16. Ng5 e6 17. Rd1 Rc8 18. Qc4 Ra8 19. Nxe6 Nb6 20. Nxg7+ Kxg7 21.
Qc2 d5 22. Bf4 Ne4 23. Bxe4 Qxe4 24. Qxc5 Nxa4 25. Qxd5 Qxd5 26. Rxd5 Nb6 27.
Rxa8 Rxa8 28. Rc5 Rc8 29. Bc7 Nd7 30. Be5+ Nxe5 31. Rxc8 Kf6 32. Rc7 b6 33. f4
1-0

[Event "Golden Horseshoe op"]
[Site "Mississauga CAN"]
[Date "2018.06.03"]
[Round "5.6"]
[White "Issani, Nameer"]
[Black "Casareno, Erwin"]
[Result "1/2-1/2"]
[WhiteElo "2221"]
[BlackElo "2120"]
[PlyCount "100"]
[EventDate "2018.06.02"]
[EventType "swiss"]
[EventRounds "5"]
[EventCountry "CAN"]

1. d4 d5 2. c4 c6 3. Nc3 Nf6 4. e3 Bf5 5. Nf3 e6 6. Be2 Bd6 7. Nh4 Bg6 8. Nxg6
hxg6 9. h3 Nbd7 10. O-O O-O 11. c5 Bc7 12. b4 e5 13. Rb1 a6 14. a4 exd4 15.
exd4 Re8 16. Bg5 Nf8 17. Qd2 Ne6 18. Be3 Nh5 19. Bxh5 gxh5 20. f4 Qe7 21. f5
Nxc5 22. Bg5 f6 23. Bxf6 Qxf6 24. bxc5 Rab8 25. Qd3 Ba5 26. Ne2 Qg5 27. Nf4 Re4
28. Ne6 Qe3+ 29. Qxe3 Rxe3 30. Rb2 g6 31. g4 hxg4 32. hxg4 Rg3+ 33. Rg2 Rxg2+
34. Kxg2 Kf7 35. Kg3 b5 36. axb5 axb5 37. Kf4 gxf5 38. Kxf5 b4 39. Ke5+ Ke7 40.
Rh1 Kf7 41. g5 b3 42. Rf1+ Kg8 43. g6 b2 44. g7 Bc7+ 45. Nxc7 b1=Q 46. Rxb1
Rxb1 47. Kd6 Kxg7 48. Kxc6 Kf7 49. Nxd5 Rd1 50. Kd6 Rxd4 1/2-1/2

[Event "Golden Horseshoe op"]
[Site "Mississauga CAN"]
[Date "2018.06.03"]
[Round "5.7"]
[White "Li, William"]
[Black "Chen, Max"]
[Result "1-0"]
[WhiteElo "2219"]
[BlackElo "2026"]
[PlyCount "79"]
[EventDate "2018.06.02"]
[EventType "swiss"]
[EventRounds "5"]
[EventCountry "CAN"]

1. e4 c6 2. Nc3 d5 3. Nf3 g6 4. d4 Bg7 5. h3 Nf6 6. e5 Ne4 7. Bd3 Nxc3 8. bxc3
O-O 9. O-O e6 10. Bg5 Qc7 11. Qd2 c5 12. Nh2 f6 13. exf6 Bxf6 14. Bxf6 Rxf6 15.
Ng4 Rf8 16. Ne5 Nc6 17. Rfe1 Nxe5 18. Rxe5 Qb6 19. Qe3 Qb2 20. Re1 c4 21. Be2
Qxa2 22. Bd1 Rf6 23. h4 Kg7 24. h5 Bd7 25. g4 Raf8 26. g5 Rxf2 27. Qh3 R2f7 28.
hxg6 hxg6 29. Qh6+ Kg8 30. Qxg6+ Rg7 31. Qh5 Qa3 32. R1e3 Qc1 33. Rh3 Qf4 34.
Qh8+ Kf7 35. Bh5+ Ke7 36. Qxg7+ Kd6 37. Rf3 Qc1+ 38. Kg2 Qd2+ 39. Kg3 Rd8 40.
Rxd5+ 1-0

[Event "Golden Horseshoe op"]
[Site "Mississauga CAN"]
[Date "2018.06.03"]
[Round "5.8"]
[White "Jiang, Brian"]
[Black "Zhao, Jeffrey R"]
[Result "1-0"]
[WhiteElo "2124"]
[BlackElo "1965"]
[PlyCount "125"]
[EventDate "2018.06.02"]
[EventType "swiss"]
[EventRounds "5"]
[EventCountry "CAN"]

1. d4 d5 2. c4 c6 3. Nf3 Nf6 4. Nc3 e6 5. e3 Nbd7 6. Qc2 Bd6 7. Bd3 O-O 8. O-O
Qe7 9. e4 dxc4 10. Bxc4 e5 11. Rd1 Re8 12. g3 exd4 13. Nxd4 Ne5 14. Be2 Bc5 15.
f3 h6 16. Be3 Bb6 17. Na4 Bc7 18. Bf2 Nh7 19. Bf1 Nf8 20. Bg2 Nfg6 21. Nc5 b6
22. Ncb3 c5 23. Nf5 Qf8 24. h3 Bb7 25. f4 Nc6 26. Rd7 Rac8 27. a3 Nce7 28. Qc3
Bc6 29. Rd2 h5 30. h4 Nxf5 31. exf5 Bxg2 32. Kxg2 Ne7 33. f6 Nf5 34. fxg7 Nxg7
35. Rd5 Re2 36. Nd2 Rd8 37. Rxd8 Qxd8 38. Nf3 Qd5 39. Re1 Rxe1 40. Bxe1 Nf5 41.
Bf2 Bd6 42. Qc2 c4 43. Qe2 Qc6 44. Kh2 c3 45. bxc3 Qxc3 46. Ng5 Nh6 47. Qxh5
Qc2 48. Kg2 Qc6+ 49. Nf3 Bxa3 50. Qg5+ Kh7 51. Bd4 Qc2+ 52. Kh3 Qf5+ 53. g4
Qxg5 54. hxg5 Ng8 55. Ne5 Bc1 56. Kg3 Ne7 57. Nxf7 Nd5 58. f5 Kg8 59. g6 a5 60.
g5 Ne7 61. Nh6+ Kf8 62. g7+ Ke8 63. f6 1-0

[Event "Golden Horseshoe op"]
[Site "Mississauga CAN"]
[Date "2018.06.03"]
[Round "5.9"]
[White "Ning, Eric"]
[Black "Lin, Benjamin"]
[Result "1-0"]
[WhiteElo "2068"]
[BlackElo "2093"]
[PlyCount "111"]
[EventDate "2018.06.02"]
[EventType "swiss"]
[EventRounds "5"]
[EventCountry "CAN"]

1. d4 d5 2. c4 c6 3. e3 Nf6 4. Nf3 e6 5. Nbd2 Bd6 6. b3 O-O 7. Bb2 Nbd7 8. Bd3
Qc7 9. O-O h6 10. Re1 b6 11. e4 dxe4 12. Nxe4 Nxe4 13. Bxe4 Nf6 14. Bc2 Rd8 15.
Qe2 Bb7 16. h3 a5 17. Rac1 a4 18. d5 axb3 19. axb3 Bb4 20. Bxf6 Bxe1 21. Bxd8
Qxd8 22. Rxe1 cxd5 23. cxd5 Bxd5 24. Be4 Ra3 25. Bxd5 Qxd5 26. b4 Ra2 27. Qe5
Qd8 28. Ra1 Rxa1+ 29. Qxa1 Qd6 30. Qc3 Qd1+ 31. Kh2 Qd6+ 32. g3 Kh7 33. Kg2 Qd5
34. Qc7 Qb5 35. Qf4 Kg8 36. h4 Qc6 37. Qe5 f6 38. Qe2 e5 39. Kh2 Kh7 40. Nd2
Qd6 41. Qe4+ Kh8 42. Nf1 Qd1 43. Kg2 Qd6 44. Ne3 Qc7 45. b5 Qc5 46. Qc6 Qd4 47.
Nc4 e4 48. Nxb6 e3 49. Qe8+ Kh7 50. Qxe3 Qb4 51. Qd3+ Kh8 52. Nd5 Qd6 53. b6
Qc6 54. Qe4 Qb5 55. Ne7 Qa6 56. b7 1-0

[Event "Golden Horseshoe op"]
[Site "Mississauga CAN"]
[Date "2018.06.03"]
[Round "5.10"]
[White "Brajkovic, Nikola"]
[Black "Xu, Daniel"]
[Result "0-1"]
[WhiteElo "1998"]
[BlackElo "2075"]
[PlyCount "164"]
[EventDate "2018.06.02"]
[EventType "swiss"]
[EventRounds "5"]
[EventCountry "CAN"]

1. e4 c5 2. Nc3 d6 3. g3 g6 4. d3 Bg7 5. Nge2 Nc6 6. Bg2 e6 7. O-O Nge7 8. Bg5
h6 9. Be3 Nd4 10. Rb1 Nec6 11. a3 a5 12. Qd2 h5 13. h4 O-O 14. Nf4 Bd7 15. Nce2
a4 16. Nc1 Qb6 17. c3 Nb5 18. Nce2 Na5 19. Qc2 Qc7 20. Rbd1 Nb3 21. Nc1 Nxc1
22. Bxc1 Na7 23. Qe2 Rfc8 24. Bh3 Qa5 25. Qc2 b5 26. Bd2 Rc7 27. Ne2 Qa6 28.
Qb1 Rb8 29. Nc1 Nc6 30. Na2 Na5 31. f4 Nc6 32. Bg2 Na5 33. Be1 Nb3 34. Kh2 Rbc8
35. Qc2 Qb6 36. Qf2 Qb8 37. Bh3 f5 38. Bg2 Re8 39. Nc1 Nxc1 40. Rxc1 e5 41. Bd2
Be6 42. fxe5 Bxe5 43. d4 Bg7 44. dxc5 Rxc5 45. Be3 Rcc8 46. Ba7 Qc7 47. Bd4 Bc4
48. Rfe1 fxe4 49. Bxe4 Rf8 50. Qg1 Qf7 51. Bxg7 Kxg7 52. Rc2 d5 53. Bg2 Rc6 54.
Qd4+ Kh7 55. Re5 Rd6 56. Qe3 Qf6 57. Rd2 Rf7 58. Qd4 Rf8 59. Qe3 Rf7 60. Bh3
Qg7 61. Rd4 Rdf6 62. Rf4 Rxf4 63. gxf4 Qf6 64. Kg3 Qg7 65. Be6 Rc7 66. Bxd5 Qd7
67. Be4 Qg4+ 68. Kf2 Rf7 69. f5 gxf5 70. Bc2 Qxh4+ 71. Qg3 Qh1 72. Qg1 Qxg1+
73. Kxg1 Kg6 74. Kf2 Kg5 75. Re1 Rd7 76. Rg1+ Kf4 77. Ke1 Re7+ 78. Kd1 Re5 79.
Rh1 Kg3 80. Kd2 h4 81. Bd1 Bd5 82. Rg1+ Bg2 0-1

[Event "Golden Horseshoe op"]
[Site "Mississauga CAN"]
[Date "2018.06.03"]
[Round "5.11"]
[White "Kang, Dorian"]
[Black "Chakkoli, Shiva"]
[Result "1-0"]
[WhiteElo "2102"]
[BlackElo "1945"]
[PlyCount "105"]
[EventDate "2018.06.02"]
[EventType "swiss"]
[EventRounds "5"]
[EventCountry "CAN"]

1. c4 Nf6 2. Nc3 d5 3. cxd5 Nxd5 4. e4 Nxc3 5. dxc3 Qxd1+ 6. Kxd1 Nc6 7. Nf3
Bg4 8. Be2 O-O-O+ 9. Kc2 e6 10. Be3 a6 11. Rhe1 Be7 12. Rad1 h6 13. Nd4 Bxe2
14. Rxe2 Ne5 15. h3 Nc4 16. Bc1 c5 17. Nf3 Rxd1 18. Kxd1 Rd8+ 19. Kc2 f6 20. b3
Na5 21. Be3 Nc6 22. Ne1 Kc7 23. Nd3 b6 24. Nf4 Rd6 25. Ng6 Rd7 26. h4 e5 27. h5
Bd6 28. g3 b5 29. Rd2 b4 30. c4 Nd4+ 31. Bxd4 cxd4 32. Kd3 Kc6 33. f4 a5 34.
Rf2 a4 35. fxe5 Bxe5 36. Nxe5+ fxe5 37. Rf8 axb3 38. axb3 Re7 39. Ke2 Ra7 40.
Rb8 Ra2+ 41. Kf3 d3 42. Rxb4 Kc5 43. Rb5+ Kd4 44. Rd5+ Kc3 45. c5 d2 46. Ke3
Ra5 47. Rxd2 Rxc5 48. Rd5 Kb4 49. Rxc5 Kxc5 50. Kd3 Kb4 51. Kc2 Kc5 52. Kc3 Kb5
53. b4 1-0

[Event "Golden Horseshoe op"]
[Site "Mississauga CAN"]
[Date "2018.06.03"]
[Round "5.12"]
[White "Nemati, Omid"]
[Black "He, Emma"]
[Result "1/2-1/2"]
[WhiteElo "1972"]
[BlackElo "1949"]
[PlyCount "57"]
[EventDate "2018.06.02"]
[EventType "swiss"]
[EventRounds "5"]
[EventCountry "CAN"]

1. e4 e5 2. Nf3 Nc6 3. Bc4 Nf6 4. O-O Nxe4 5. Nc3 Nxc3 6. dxc3 Be7 7. Qd5 O-O
8. Nxe5 Nxe5 9. Qxe5 c6 10. Qh5 d5 11. Bd3 g6 12. Qf3 Bf6 13. Bf4 Bg7 14. Rad1
Qf6 15. Qg3 Bf5 16. Rfe1 Bxd3 17. cxd3 Rfe8 18. d4 Qf5 19. f3 Re6 20. Rxe6 Qxe6
21. Re1 Qd7 22. Be5 Re8 23. Bxg7 Kxg7 24. Rxe8 Qxe8 25. Qe5+ Qxe5 26. dxe5 f6
27. exf6+ Kxf6 28. Kf2 Ke5 29. Ke3 1/2-1/2

[Event "Golden Horseshoe op U1500"]
[Site "Mississauga CAN"]
[Date "2018.06.02"]
[Round "3.5"]
[White "Gauthier, David"]
[Black "Sprague, John"]
[Result "1-0"]
[WhiteElo "1292"]
[BlackElo "1386"]
[PlyCount "79"]
[EventDate "2018.06.22"]
[EventType "swiss"]
[EventRounds "5"]
[EventCountry "CAN"]

1. e4 c5 2. Nf3 d6 3. d4 cxd4 4. Nxd4 Nf6 5. Nc3 a6 6. Be2 g6 7. Be3 Bg7 8. g4
h5 9. gxh5 Nxh5 10. Qd2 Nd7 11. O-O-O Nhf6 12. f4 Nc5 13. Bf3 Bg4 14. Bxg4 Nxg4
15. Bg1 Rc8 16. Kb1 Qa5 17. f5 Ne5 18. Qe2 Na4 19. Nxa4 Qxa4 20. fxg6 Nxg6 21.
h4 Ne5 22. Nf5 Bf6 23. Bd4 Qa5 24. h5 Kd7 25. h6 Rh7 26. Qg2 Rch8 27. Qh3 Kc7
28. Qb3 b5 29. Qd5 Rd8 30. Bxe5 Bxe5 31. Nxe7 Qb6 32. Nf5 Re8 33. Ng7 Bxg7 34.
Qxf7+ Kd8 35. hxg7 Rxh1 36. Rxh1 Qe3 37. Qxe8+ Kxe8 38. g8=Q+ Ke7 39. a3 Qxe4
40. Rh7+ 1-0

[Event "Golden Horseshoe op U1750"]
[Site "Mississauga CAN"]
[Date "2018.06.02"]
[Round "1.2"]
[White "Karmalkar, Vilas"]
[Black "Xu, Eddie"]
[Result "0-1"]
[WhiteElo "1515"]
[BlackElo "1632"]
[PlyCount "84"]
[EventDate "2018.06.22"]
[EventType "swiss"]
[EventRounds "5"]
[EventCountry "CAN"]

1. Nf3 d5 2. d4 Nf6 3. Bg5 Nbd7 4. e3 e6 5. Bd3 Be7 6. Nbd2 b6 7. Qe2 Bb7 8. h4
Ne4 9. Bxe7 Qxe7 10. a3 O-O 11. O-O f5 12. g3 c5 13. c4 cxd4 14. exd4 Ndf6 15.
Ne5 Nxd2 16. Qxd2 Ne4 17. Qf4 g5 18. hxg5 Nxg5 19. Kh2 Qg7 20. Be2 Rf6 21. Nf3
Rh6+ 22. Nh4 dxc4 23. f3 Rd8 24. Rad1 Bd5 25. Rg1 b5 26. Kg2 a5 27. Rh1 b4 28.
Qd2 Kh8 29. Kf2 Rg8 30. Rdg1 f4 31. Qxf4 Rf6 32. Qe5 Rgf8 33. f4 Bxh1 34. Rxh1
Rg8 35. Kg2 Nf7 36. Qe3 Nd6 37. axb4 axb4 38. g4 Rgf8 39. Rf1 Rh6 40. Kg3 Rf5
41. Nf3 Rd5 42. Ne5 Nf5+ 0-1

[Event "Golden Horseshoe op U1750"]
[Site "Mississauga CAN"]
[Date "2018.06.02"]
[Round "2.2"]
[White "Xu, Eddie"]
[Black "Yuen, Noah"]
[Result "1-0"]
[WhiteElo "1632"]
[BlackElo "1479"]
[PlyCount "43"]
[EventDate "2018.06.22"]
[EventType "swiss"]
[EventRounds "5"]
[EventCountry "CAN"]

1. d4 d5 2. c4 e6 3. Nc3 Nf6 4. cxd5 exd5 5. Bg5 Be7 6. e3 O-O 7. Bd3 Ne4 8.
Bxe7 Nxc3 9. Qh5 g6 10. Qh4 Qe8 11. Bxf8 Qxf8 12. bxc3 Be6 13. Nf3 h6 14. Ne5
Nc6 15. Nxc6 bxc6 16. O-O g5 17. Qg3 Qd6 18. f4 g4 19. h3 f5 20. Qh4 Qf8 21.
hxg4 fxg4 22. f5 1-0

[Event "Golden Horseshoe op U1750"]
[Site "Mississauga CAN"]
[Date "2018.06.03"]
[Round "4.1"]
[White "Xu, Eddie"]
[Black "Benggawan, Undriadi"]
[Result "1/2-1/2"]
[WhiteElo "1632"]
[BlackElo "1540"]
[PlyCount "134"]
[EventDate "2018.06.22"]
[EventType "swiss"]
[EventRounds "5"]
[EventCountry "CAN"]

1. d4 g6 2. e4 c5 3. Nf3 cxd4 4. Qxd4 Nf6 5. Bg5 Nc6 6. Qd3 Bg7 7. Nc3 O-O 8.
O-O-O a6 9. Kb1 b5 10. Bxf6 Bxf6 11. e5 Bxe5 12. Nxe5 Nxe5 13. Qe4 Nc6 14. h4
Bb7 15. h5 e6 16. hxg6 fxg6 17. Bd3 Qf6 18. Rh6 d5 19. Qe2 Ne5 20. Rdh1 Rf7 21.
f3 Bc6 22. a3 Rc8 23. R1h4 Rcc7 24. Nd1 Nxd3 25. Qxd3 e5 26. Rg4 Kf8 27. Ne3 d4
28. Nd1 Bd7 29. Re4 Bf5 30. Nf2 Bxe4 31. Nxe4 Qf4 32. Rh1 Rc6 33. Re1 Rfc7 34.
g3 Qh6 35. Re2 Qh3 36. f4 exf4 37. Rf2 Kg8 38. Qxd4 Re7 39. Nf6+ Rxf6 40. Qxf6
Qh1+ 41. Ka2 Qd5+ 42. b3 Rf7 43. Qc3 g5 44. Qc8+ Kg7 45. gxf4 Rxf4 46. Rxf4
gxf4 47. Qg4+ Kf6 48. Qxf4+ Qf5 49. Qh6+ Qg6 50. Qf8+ Kg5 51. Qc5+ Kh6 52. a4
bxa4 53. bxa4 Qe6+ 54. Ka3 Kg7 55. Kb4 h6 56. Ka5 Kf6 57. Kb4 Qe1+ 58. Kb3 Qe6+
59. c4 Qe5 60. Qb6+ Qe6 61. a5 h5 62. Qd4+ Kg5 63. Qd2+ Kg4 64. Qd4+ Kf5 65.
Qh4 Qe3+ 66. Kb4 Qd2+ 67. Kb3 Qd3+ 1/2-1/2

[Event "Golden Horseshoe op U1750"]
[Site "Mississauga CAN"]
[Date "2018.06.03"]
[Round "5.1"]
[White "Liu, Harry"]
[Black "Xu, Eddie"]
[Result "1/2-1/2"]
[WhiteElo "1600"]
[BlackElo "1632"]
[PlyCount "91"]
[EventDate "2018.06.22"]
[EventType "swiss"]
[EventRounds "5"]
[EventCountry "CAN"]

1. d4 d5 2. Bf4 Nf6 3. e3 c5 4. c3 Qb6 5. Qc2 Nc6 6. Nd2 g6 7. Ngf3 Bf5 8. dxc5
Qxc5 9. Qb3 Qb6 10. Qxb6 axb6 11. Nb3 Bg7 12. Nbd4 Bg4 13. h3 Bxf3 14. Nxf3 Nd7
15. a3 e5 16. Bg3 d4 17. exd4 exd4 18. cxd4 Nxd4 19. Nxd4 Bxd4 20. O-O-O Nc5
21. Bb5+ Kf8 22. Bd6+ Kg8 23. Bxc5 bxc5 24. f3 Kg7 25. Rhe1 h6 26. Re7 Rad8 27.
Rde1 Rd6 28. Rd7 Rd8 29. Rxd8 Rxd8 30. Re2 Bf6 31. Kc2 Bg5 32. b3 Rd4 33. a4
Kf6 34. Bd3 Bf4 35. Re4 Rxe4 36. Bxe4 Kg5 37. Kd1 Kh4 38. Ke2 Kg3 39. Kf1 Be5
40. Bd3 f5 41. Bc4 b6 42. Bf7 g5 43. Bd5 Kf4 44. Ke2 h5 45. Bf7 h4 46. Bh5
1/2-1/2

[Event "Goldon Horseshoe op U2000"]
[Site "Mississauga CAN"]
[Date "2018.06.02"]
[Round "1.1"]
[White "Liu, Harrison"]
[Black "Khachaturov, Vadim"]
[Result "0-1"]
[WhiteElo "1839"]
[BlackElo "1966"]
[PlyCount "128"]
[EventDate "2018.06.02"]
[EventType "swiss"]
[EventRounds "5"]
[EventCountry "CAN"]

1. e4 e5 2. Nf3 Nf6 3. Nc3 Nc6 4. Bc4 Be7 5. O-O O-O 6. d4 exd4 7. Nxd4 Nxd4 8.
Qxd4 d6 9. Bf4 a6 10. a4 Nh5 11. Be3 c6 12. Rad1 b5 13. axb5 axb5 14. Be2 Nf6
15. Bf4 Bb7 16. f3 Ne8 17. Rfe1 Bf6 18. Qe3 Qc7 19. Bf1 b4 20. Nb1 Ra2 21. Bxd6
Nxd6 22. e5 Be7 23. exd6 Bxd6 24. g3 Ra5 25. Kg2 Re5 26. Qd3 Rd5 27. Qe2 Rg5
28. Qd2 Rg6 29. Qf2 c5 30. Bd3 Rf6 31. Be4 Bc8 32. Nd2 c4 33. Bd5 Bc5 34. Qe2
c3 35. bxc3 bxc3 36. Ne4 Rh6 37. Qc4 Bh3+ 38. Kh1 Bb6 39. Qxc7 Bxc7 40. Nxc3
Bf5 41. Be4 Be6 42. Kg2 Ba5 43. Re3 Bh3+ 44. Kh1 f5 45. Bd5+ Kh8 46. f4 Bg4 47.
Bf3 Bxf3+ 48. Rxf3 Rc6 49. Rdd3 Rfc8 50. Na4 Rxc2 51. Rd5 Re8 52. Re5 Rxe5 53.
fxe5 g6 54. Re3 Kg7 55. e6 Rc1+ 56. Kg2 Re1 57. Rxe1 Bxe1 58. Kf3 Kf6 59. Nc5
Bb4 60. Nd3 Bd6 61. Nf4 g5 62. Nd3 Kxe6 63. Ne1 h5 64. Ng2 Kf6 0-1

[Event "Goldon Horseshoe op U2000"]
[Site "Mississauga CAN"]
[Date "2018.06.02"]
[Round "1.3"]
[White "Gillanders, Robert"]
[Black "Calvelo, Jelvis"]
[Result "0-1"]
[WhiteElo "1763"]
[BlackElo "1950"]
[PlyCount "105"]
[EventDate "2018.06.02"]
[EventType "swiss"]
[EventRounds "5"]
[EventCountry "CAN"]

1. d4 Nf6 2. c4 c5 3. d5 e6 4. Nc3 exd5 5. cxd5 d6 6. e4 g6 7. Nf3 Bg7 8. Bd3
O-O 9. h3 a6 10. a4 Re8 11. O-O c4 12. Bc2 Nbd7 13. Bf4 Qc7 14. Re1 Rb8 15. Bh2
b5 16. axb5 axb5 17. Nd4 Qc5 18. Nc6 Rb7 19. Ra5 Bf8 20. Bf4 Nb8 21. Be3 Nxc6
22. Bxc5 Nxa5 23. Bb4 Nb3 24. Bxb3 cxb3 25. Qxb3 Nd7 26. Qd1 Nc5 27. Bxc5 dxc5
28. f4 b4 29. Na4 Bd7 30. d6 Rc8 31. b3 Be6 32. e5 c4 33. Qf3 Rbb8 34. bxc4
Rxc4 35. Nb2 Rc2 36. Na4 b3 37. g4 b2 38. Nxb2 Rbxb2 39. Rf1 Rd2 40. Rc1 Bd5
41. Qc3 Be6 42. f5 Rg2+ 43. Kf1 gxf5 44. gxf5 Bxf5 45. Rd1 Bd7 46. Rd3 Rgc2 47.
Rg3+ Kh8 48. Qe1 Be6 49. Kg1 Bh6 50. Qf1 Rc1 51. Qxc1 Bxc1 52. Rc3 Bg5 53. Rc7
0-1

[Event "Goldon Horseshoe op U2000"]
[Site "Mississauga CAN"]
[Date "2018.06.02"]
[Round "1.5"]
[White "Gao, Raymond"]
[Black "Subramanian, Arun"]
[Result "1/2-1/2"]
[WhiteElo "1756"]
[BlackElo "1950"]
[PlyCount "67"]
[EventDate "2018.06.02"]
[EventType "swiss"]
[EventRounds "5"]
[EventCountry "CAN"]

1. e4 c6 2. d4 d5 3. Nc3 dxe4 4. Nxe4 Nd7 5. Nf3 Ngf6 6. Bd3 Nxe4 7. Bxe4 Nf6
8. Bd3 Bg4 9. c3 e6 10. h3 Bxf3 11. Qxf3 Qd5 12. Qxd5 Nxd5 13. Bd2 Be7 14. O-O
O-O 15. Rfe1 a6 16. c4 Nf6 17. Bc3 Rfd8 18. Rad1 Rd7 19. g4 h6 20. f4 c5 21.
dxc5 Bxc5+ 22. Kg2 Rad8 23. Bc2 Rxd1 24. Rxd1 Rxd1 25. Bxd1 Ne4 26. Be1 b6 27.
Bf3 Nd6 28. b3 a5 29. a4 Kf8 30. Bc3 f6 31. Kf1 Be3 32. Ke2 Bc5 33. Kd3 Ke7 34.
Bd4 1/2-1/2

[Event "Goldon Horseshoe op U2000"]
[Site "Mississauga CAN"]
[Date "2018.06.02"]
[Round "1.6"]
[White "Talsma, Shawn"]
[Black "Supsup, Ferdinand"]
[Result "0-1"]
[WhiteElo "1940"]
[BlackElo "1754"]
[PlyCount "92"]
[EventDate "2018.06.02"]
[EventType "swiss"]
[EventRounds "5"]
[EventCountry "CAN"]

1. e4 c5 2. Nf3 g6 3. d4 cxd4 4. Nxd4 Nc6 5. Nxc6 bxc6 6. Qd4 Nf6 7. e5 Ng8 8.
e6 Nf6 9. exd7+ Bxd7 10. Bc4 Bg7 11. O-O O-O 12. c3 Qb8 13. g3 Rd8 14. Qe3 Bh3
15. Re1 e6 16. Nd2 Ng4 17. Qc5 Qb7 18. Ne4 h6 19. Bf1 Rd5 20. Qc4 Ne5 21. Qb3
Nf3+ 22. Kh1 Qxb3 23. axb3 Nxe1 24. Bxh3 f5 25. Be3 Nc2 26. Rf1 Nxe3 27. fxe3
fxe4 28. Bxe6+ Kh7 29. Bxd5 cxd5 30. Rd1 Rb8 31. Rxd5 Rxb3 32. Rd2 a5 33. Kg2
a4 34. Kf2 a3 35. bxa3 Rxa3 36. h3 Rxc3 37. g4 Rb3 38. Rd5 Rd3 39. Ra5 Rd2+ 40.
Kg3 Rd7 41. g5 h5 42. Kf4 Re7 43. Ra4 Bc3 44. Kg3 Be1+ 45. Kf4 Bd2 46. Ra3 Rf7+
0-1